Statistics for Car Engines

Click here to take the quiz!

General Stats

  • This quiz has been taken 108 times
  • The average score is 6 of 15

Answer Stats

HintAnswer% Correct
Toyota Supra MK42JZ
98%
Nissan Skyline R34RB26
81%
Chevrolet Camaro 6th GenLS | EcoTec
57%
Ford Mustang 6th GenCoyote | EcoBoost
49%
Nissan Silvia S15SR20
48%
Honda Civic FK8RK20
40%
Chevrolet Corvette C8LS
36%
Chevrolet SilveradoDuramax | Vortec | EcoTec
29%
Subaru ImprezaBoxer
25%
Ford FocusEcoBoost | Duratec
24%
Honda S2000K20
23%
Toyota Corolla AE864AGE
20%
Honda Integra DC2B18
19%
Ford GT 2nd GenEcoBoost
17%
Hyundai GenesisLambda | Theta
11%

Score Distribution

Percentile by Number Answered

Percent of People with Each Score

Your Score History

You have not taken this quiz